[Event "15th Croatian Open A"]
[Site "Zadar CRO"]
[Date "2008.12.15"]
[Round "3"]
[White "Feletar,D"]
[Black "Urukalovic,R"]
[Result "1/2-1/2"]
[WhiteElo "2374"]
[BlackElo "2273"]

1.Nf3 Nf6 2.c4 c5 3.Nc3 b6 4.e3 g6 5.d4 Bg7 6.d5 d6 7.Bd3 O-O 8.e4 e5 9.dxe6 Bxe6
10.h3 Nc6 11.O-O Ne5 12.Nxe5 dxe5 13.Nd5 Bxd5 14.cxd5 c4 15.Bc2 Qd6 16.b3 cxb3
17.axb3 Rfc8 18.Bd3 a5 19.Re1 Nd7 20.Bb5 Nc5 21.Ba3 Bf8 22.Bc6 Ra7 23.b4 axb4
24.Bxb4 Qb8 25.Bc3 Bd6 26.Qc2 Rcc7 27.Rab1 Ra6 28.Bxe5 Bxe5 29.Qxc5 bxc5
30.Rxb8+ Kg7 31.Rbb1 Ra2 32.Kf1 c4 33.Re2 Rca7 34.Rc1 c3 35.Bb5 Rb2 36.Bd3 Raa2
37.Rcc2 Ra1+ 38.Re1 Raa2 39.Rxb2 cxb2 40.Bb1 Ra3 41.Ke2 Kf6 42.g3 g5 43.Rd1 Ke7
44.Bd3 Kd6 45.Rf1 Kc5 46.Bb1 Bd4 47.Rd1 Be5 48.Bc2 Rc3 49.Bb1 Ra3 50.Bc2  1/2-1/2

[Event "15th Croatian Open A"]
[Site "Zadar CRO"]
[Date "2008.12.18"]
[Round "7"]
[White "Drazic,S"]
[Black "Milanovic,Da"]
[Result "1/2-1/2"]
[WhiteElo "2528"]
[BlackElo "2553"]

1.Nf3 Nf6 2.c4 c5 3.Nc3 b6 4.d4 cxd4 5.Nxd4 Bb7 6.f3 a6 7.e4 d6 8.Be3 e6
9.Be2 Be7 10.O-O O-O 11.Qd2 Qc7 12.Rac1 Nbd7 13.Rfd1 Rac8 14.Bf1 Qb8 15.Kh1 Bd8
16.Bg1 Bc7 17.Rc2 Kh8 18.b4  1/2-1/2

[Event "8th Amplico AIG Life Rapid"]
[Site "Warsaw POL"]
[Date "2008.12.20"]
[Round "3"]
[White "Urban,K"]
[Black "Kulon,K"]
[Result "1/2-1/2"]
[WhiteElo "2473"]
[BlackElo "2228"]

1.Nf3 Nf6 2.c4 c5 3.Nc3 d5 4.cxd5 Nxd5 5.d4 cxd4 6.Qxd4 Nxc3 7.Qxc3 Nc6 8.e4 e6
9.a3 Bd7 10.Bf4 Rc8 11.Qd2 Qa5 12.Rd1 Qxd2+ 13.Rxd2 Na5 14.Bd3 Rc1+ 15.Rd1 Rxd1+
16.Kxd1 f6 17.Ke2 e5 18.Be3 b6 19.b4 Nc6 20.Rc1 Bd6 21.Nd2 Ke7 22.Nc4 Bb8
23.b5 Nd4+ 24.Bxd4 exd4 25.Nd2 Bd6 26.a4 Bg4+ 27.f3 Rc8 28.Rxc8 Bxc8 29.g3 g5
30.Bc2 h6 31.Nb3 Be5 32.Kd3 Kd6 33.Nxd4 Kc5 34.Nc6 a6 35.Na7 Bb7 36.Bb3 Bb8
37.Nc6 Bxc6 38.bxc6 Kxc6 39.Bc4 b5 40.axb5+ axb5 41.Bf7 Ba7 42.h4 Bf2 43.hxg5 hxg5
44.g4 Kd6 45.Be8 b4 46.Bf7 Ke5 47.Bg8 Bc5 48.Bf7  1/2-1/2

[Event "8th Amplico AIG Life Rapid"]
[Site "Warsaw POL"]
[Date "2008.12.20"]
[Round "4"]
[White "Cyborowski,L"]
[Black "Vlasova,N"]
[Result "1-0"]
[WhiteElo "2504"]
[BlackElo "2231"]

1.Nf3 Nf6 2.c4 g6 3.Nc3 c5 4.d4 cxd4 5.Nxd4 Nc6 6.Nc2 Bg7 7.e4 d6 8.Be2 Nd7
9.Bd2 a5 10.O-O Nc5 11.b3 O-O 12.f3 Ne6 13.Kh1 Ned4 14.Nxd4 Nxd4 15.Bd3 Bd7
16.Rc1 Rb8 17.Be3 Ne6 18.Qd2 Nc5 19.Be2 Re8 20.Rfd1 Bc6 21.Nb5 b6 22.Nc3 Qc8
23.Nd5 Qb7 24.Bf1 e6 25.Nc3 Rbd8 26.Rb1 Rd7 27.a3 Qc7 28.Rdc1 a4 29.bxa4 Red8
30.Rb4 d5 31.cxd5 exd5 32.Nxd5 Bxd5 33.exd5 Rxd5 34.Qf2 Qd6 35.Bf4 Be5 36.Bxe5 Rxe5
37.h3 Rd5 38.Qe3 Rd1 39.Rbc4 Rd7 40.a5 Re7 41.Rxd1 Qxd1 42.Qc1 Re1 43.Qxd1 Rxd1
44.Kg1 Nb3 45.Rc8+ Kg7 46.axb6 Nd2 47.b7 Rxf1+ 48.Kh2 Rb1 49.b8=Q Nf1+ 50.Kg1  1-0

[Event "TCh-HUN 2008-9"]
[Site "Budapest HUN"]
[Date "2008.12.21"]
[Round "4"]
[White "Pinter,J"]
[Black "Almasi,I"]
[Result "1-0"]
[WhiteElo "2536"]
[BlackElo "2399"]

1.Nf3 c5 2.c4 Nf6 3.Nc3 d5 4.cxd5 Nxd5 5.d4 e6 6.e3 Be7 7.Bc4 Nxc3 8.bxc3 O-O
9.O-O Nc6 10.Qe2 b6 11.Bb2 Bb7 12.Rad1 Qc7 13.e4 Rad8 14.Bb5 Bd6 15.h3 Na5
16.Bd3 Rfe8 17.Rfe1 Bc6 18.Nd2 Ba4 19.Ra1 Bf4 20.Nf3 g6 21.h4 Rc8 22.h5 cxd4
23.cxd4 Nc4 24.Bc1 Bd6 25.Bg5 Ba3 26.Rab1 b5 27.e5 a6 28.Nh2 Nb6 29.Ng4 Nd5
30.Qf3 Bf8 31.Be4 gxh5 32.Nf6+ Nxf6 33.Bxf6  1-0

[Event "8th Amplico AIG Life Rapid"]
[Site "Warsaw POL"]
[Date "2008.12.21"]
[Round "9"]
[White "Popov,Val"]
[Black "Cyborowski,L"]
[Result "1/2-1/2"]
[WhiteElo "2542"]
[BlackElo "2504"]

1.c4 c5 2.Nf3 Nf6 3.Nc3 g6 4.e4 Nc6 5.d4 cxd4 6.Nxd4 d6 7.Be2 Bg7 8.Be3 O-O
9.O-O Bd7 10.Qd2 Nxd4 11.Bxd4 Bc6 12.f3 a5 13.b3 Nd7 14.Be3 Nc5 15.Rab1 Qb6
16.Rfc1 Rfc8 17.Bf1 Qd8 18.Rc2 h5 19.Rd1 Kh7 20.Kh1 Bf6 21.Rcc1 Kg8 22.Be2 Qb6
23.Rb1 Qb4 24.Rdc1 a4 25.Bd1 axb3 26.axb3 Bxc3 27.Qxc3 Qxc3 28.Rxc3 Ra2 29.e5 Bd7
30.exd6 exd6 31.Bc2 Re8 32.Rc1 Na6 33.Kg1 Nb4 34.Bb1 Re2 35.Bf2 Na2 36.Bxa2 Rxa2
37.R3c2 Re2 38.Rxa2 Rxa2 39.Bg3 Rd2 40.h4 Rd3 41.b4 Be6 42.c5 dxc5 43.Rxc5 Rd4
44.Rb5 Rd7 45.Kh2 Kf8 46.Bf2 Ke7 47.Kg3 Bd5 48.Rc5 Kd6 49.Be3 Ke6 50.Kf4 f6
51.b5 Rg7 52.Kg3 g5 53.hxg5 fxg5 54.Rc8 g4 55.Bd4 Rg6 56.Kf4 gxf3 57.gxf3 Rg2
58.Re8+ Kd6 59.Rh8 Rh2 60.Rh6+ Be6 61.Ke4 Re2+ 62.Kd3 Rh2 63.Ke4 Re2+ 64.Kf4 Rh2
65.Kg3 Rh1 66.Bf2 h4+ 67.Kg2 Rb1 68.b6 h3+ 69.Kg3 Rb3 70.Kf4  1/2-1/2

[Event "8th Amplico AIG Life Rapid"]
[Site "Warsaw POL"]
[Date "2008.12.21"]
[Round "12"]
[White "Krasenkow,M"]
[Black "Stangl,M"]
[Result "1-0"]
[WhiteElo "2624"]
[BlackElo "2458"]

1.Nf3 c5 2.c4 Nf6 3.Nc3 b6 4.e4 d6 5.d4 cxd4 6.Nxd4 Bb7 7.Bd3 g6 8.b3 Bg7
9.Bb2 O-O 10.O-O Nbd7 11.Qe2 a6 12.Rad1 Re8 13.a4 Rc8 14.Bc2 e6 15.f4 e5
16.fxe5 Nxe5 17.Ba3 d5 18.Nxd5 Nxd5 19.cxd5 Qh4 20.Bd6 Bxd5 21.Bxe5 Bxe5
22.Nf3 Qh5 23.Rxd5 Bxh2+ 24.Kf2 Bg3+ 25.Kxg3 Qxd5 26.exd5 Rxe2 27.Bd3 Re3
28.Bxa6 Rd8 29.Bc4 f5 30.d6+ Kg7 31.Rd1 Kf6 32.Kf2 Rc3 33.d7 Rc2+ 34.Kg1 g5
35.Bb5 Rc5 36.Rd6+ Ke7 37.Rxb6 g4 38.Nd4 g3 39.Nc6+ Kxd7 40.Nxd8+ Kxd8 41.Bf1 Rc1
42.Rb8+  1-0

[Event "Open"]
[Site "Pamplona ESP"]
[Date "2008.12.23"]
[Round "3"]
[White "Montoya Irigoyen,I"]
[Black "Ruiz Escobar,R"]
[Result "0-1"]
[WhiteElo "2065"]
[BlackElo "2028"]

1.c4 Nf6 2.Nc3 c5 3.Nf3 d5 4.cxd5 Nxd5 5.g3 Nxc3 6.bxc3 g6 7.Bg2 Bg7 8.O-O Nc6
9.e3 e5 10.Qa4 O-O 11.Ba3 Re8 12.Bxc5 Bd7 13.Qb3 Na5 14.Qc2 Bb5 15.d4 Bxf1
16.Bxf1 Rc8 17.Bb5 Re6 18.Qa4 a6 19.Bf1 b5 20.Qc2 Nb7 21.Ba3 e4 22.Nd2 Qe8
23.Bh3 f5 24.Rc1 Rec6 25.Qb3+ Qf7 26.Qb2 R8c7 27.Bf1 Na5 28.Bc5 Kh8 29.a4 bxa4
30.Qa3 Nb7 31.Qxa4 Nxc5 32.dxc5 Rxc5 33.Qxa6 Rxc3 34.Rb1 Qd7 35.Nc4 Qc8 36.Qd6 h6
37.Ne5 Bxe5 38.Qxe5+ Kh7 39.Rb6 h5 40.h4 Qd7 41.Rb8 Qg7 42.Qd5 Rc1 43.Kg2 R1c5
44.Qd6 R5c6 45.Qd5 Rc8 46.Rb5 R6c7 47.Rb6 Qd7 48.Qe5 Rc6 49.Bb5 Qc7 50.Qxc7+ R6xc7
51.Ba6 Rc6 52.Rxc6 Rxc6 53.Bb5 Rb6 54.Bc4 Kg7 55.Bd5 Rb2 56.Bc6 Kf6 57.Be8 Rb6
58.Bd7 Ke7 59.Ba4 Kd6 60.Be8 Kc5 61.Kf1 Kb4 62.Bf7 Kc3 63.Ke2 Rf6 64.Be8 Kc4
65.Bd7 Kd5 66.Be8 Kd6 67.Kf1 Ke7 68.Bb5 Kf7 69.Bd7 Kg7 70.Be8 Kh6 71.Kg2 g5
72.hxg5+ Kxg5 73.Kh3 Rd6 74.Bb5 Rd2 75.Kg2 h4 76.gxh4+ Kxh4 77.Kg1 Kh3 78.Kf1 Rd1+
79.Ke2 Rd5 80.Bc6 Rc5 81.Bd7 Kg2 82.Ke1 Ra5 83.Be6 Rb5 84.Bd7 Rb1+ 85.Kd2 Rb2+
86.Kc3 Rxf2 87.Kd4  0-1

[Event "Open A"]
[Site "Groningen NED"]
[Date "2008.12.24"]
[Round "4"]
[White "Simutowe,A"]
[Black "Afek,Y"]
[Result "0-1"]
[WhiteElo "2462"]
[BlackElo "2320"]

1.c4 Nf6 2.Nf3 c5 3.Nc3 g6 4.e4 Bg7 5.d4 cxd4 6.Nxd4 Nc6 7.Be3 O-O 8.Be2 d6
9.O-O Bd7 10.Nc2 a5 11.Na3 a4 12.f4 Qa5 13.Rb1 Nb4 14.Kh1 Bc6 15.Bf3 Na6
16.Qe2 Nc5 17.Bd2 Qd8 18.Rbd1 Nfd7 19.Nab5 Qb8 20.Be3 Ra5 21.Nd5 Bxd5 22.exd5 Re8
23.Bd4 Bxd4 24.Nxd4 Ra8 25.Rfe1 Qa7 26.Nb5 Qa5 27.h4 Rac8 28.h5 Qb4 29.g4 Nf8
30.a3 Qb3 31.Rc1 Qd3 32.Qf2 gxh5 33.gxh5 Kh8 34.Bg4 Ne4 35.Qg2 Rxc4 36.Rxc4 Qxc4
37.Rxe4 Qxb5 38.Re1 Qc4 39.Rg1 Qxf4 40.Bh3 Ng6 41.hxg6 fxg6 42.Rf1 Qh4 43.Qg4 Qh6
44.Qd4+ Qg7 45.Qxg7+ Kxg7 46.Bd7 Ra8 47.Be6 Ra6 48.Rf4 Rb6 49.Rxa4 Rxb2 50.Rf4 h5
51.Rf7+ Kh6 52.Rxe7 Kg5 53.Bc8 Rd2 54.Bxb7 Kf4 55.Re1 g5 56.a4 Ra2 57.Bc6 g4
58.Bb5 h4 59.Re2 Ra1+ 60.Kh2 Kf3 61.Re5 g3+ 62.Kh3 Rh1+  0-1

[Event "Open A"]
[Site "Groningen NED"]
[Date "2008.12.28"]
[Round "7"]
[White "Sundararajan,K"]
[Black "Van Assendelft,F"]
[Result "1-0"]
[WhiteElo "2501"]
[BlackElo "2253"]

1.Nf3 c5 2.c4 Nf6 3.Nc3 b6 4.g3 Bb7 5.Bg2 e6 6.O-O Be7 7.Re1 Ne4 8.Nxe4 Bxe4
9.d3 Bb7 10.e4 O-O 11.d4 cxd4 12.Nxd4 d6 13.a4 a6 14.b3 Qc7 15.a5 bxa5 16.Bd2 Nc6
17.Nxc6 Bxc6 18.Rxa5 e5 19.Qe2 Qb7 20.b4 Bd8 21.Ra3 Bb6 22.Rb1 f5 23.c5 Bxc5
24.Rc1 Bb5 25.Qe1 Bd4 26.exf5 d5 27.Bc3 Rxf5 28.Bxd4 exd4 29.g4 Rf6 30.Qe5 Rd8
31.Rc7 Qb8 32.Rf3 Rdd6 33.Rxf6 Qxc7 34.Bxd5+ Rxd5 35.Qxd5+  1-0

[Event "World Open"]
[Site "Leon ESP"]
[Date "2008.12.28"]
[Round "8"]
[White "Agrest,E"]
[Black "Vazquez Igarza,R"]
[Result "1/2-1/2"]
[WhiteElo "2574"]
[BlackElo "2546"]

1.c4 c5 2.Nf3 Nf6 3.Nc3 b6 4.e3 g6 5.d4 Bg7 6.Bd3 O-O 7.O-O cxd4 8.exd4 d5
9.Bg5 dxc4 10.Bxc4 Bb7 11.d5 h6 12.Be3 b5 13.Nxb5 Nxd5 14.Bd4 Nb6 15.Be2 a6
16.Bxg7 Kxg7 17.Nc3 Qxd1 18.Rfxd1 Nc6 19.Nd4 Na5  1/2-1/2

[Event "Open A"]
[Site "Gjovik NOR"]
[Date "2008.12.30"]
[Round "2"]
[White "Skrondal,I"]
[Black "Kveinys,A"]
[Result "0-1"]
[WhiteElo "2216"]
[BlackElo "2533"]

1.Nf3 c5 2.c4 Nf6 3.Nc3 e6 4.g3 b6 5.Bg2 Bb7 6.O-O a6 7.Re1 d6 8.e4 Nbd7
9.d4 cxd4 10.Nxd4 Qc7 11.Be3 Be7 12.Rc1 Nc5 13.f3 O-O 14.b4 Ncd7 15.f4 Rfe8
16.Nd5 exd5 17.cxd5 Qb8 18.Nc6 Bxc6 19.dxc6 Nf8 20.c7 Qa7 21.e5 dxe5 22.fxe5 N6d7
23.Qd5 Rac8 24.Rf1 Kh8 25.Rc4 f6 26.exf6 Bxf6 27.Qb7 Qxb7 28.Bxb7 Rxc7 29.Rxc7 Rxe3
30.Rc8 h5 31.Bxa6 Kh7 32.Bb5 Be7 33.Rf4 Nf6 34.Rc2 Ne6 35.Rf1 Bxb4 36.Re2 Rxe2
37.Bxe2 Kg6 38.Kg2 Nc5 39.Rf4 Ba5 40.Kh3 Kh6 41.Rd4 Nce4 42.Kg2 Nc3 43.Bc4 Kg5
44.Be6 Nfe4 45.Kf3 Kf6 46.Bb3 Nc5 47.Bc4 b5 48.Rd6+ Ke5 49.Rc6 N5e4 50.Bd3 g5
51.Ra6 g4+ 52.Kg2 Bc7 53.Ra7 Bd6 54.Ra5 Kd4 55.Bxb5 Bb4 56.Ra4 Nxa4 57.Bxa4 Ke5
58.Be8 Nf6 59.Bg6 Ke6 60.a4 Ke7 61.Bf5 Kf7 62.Bc8 Kg6 63.Bb7 Ba5 64.Bc6 Bb6
65.Kf1 Kf5 66.Kg2 Kg5 67.Kf1 h4 68.gxh4+ Kxh4 69.Kg2 Nh5 70.Bb5 Nf4+ 71.Kh1 Kg5
72.Bd7 Ng6 73.Kg2 Nh4+ 74.Kh1 Bc7 75.Bc6 Nf3 76.Kg2 Ne1+ 77.Kf1 Nc2 78.Kg2 Kh4
79.Bb7 Ne3+ 80.Kf2 Nf5 81.Kg2 Kg5 82.Bc6 Kf4 83.Bb7 Nh4+ 84.Kh1 Nf3 85.Kg2 Ne1+
86.Kf1 Nc2 87.Kg2 Ne3+ 88.Kh1 Ke5 89.Kg1 Kd4 90.Bc8 Kd3 91.Bd7 Ke2 92.Bc8 Ba5
93.Ba6+ Kf3 94.Bb7+ Kf4 95.Kf2 Bb6 96.Bc6 Nc2+ 97.Kf1 Kg5 98.Kg2 Kh4 99.Bb7 Ne1+
100.Kf1 Ba5 101.Bc6 Kh3 102.Kg1 Nf3+ 103.Bxf3 Bb6+  0-1

[Event "Masters"]
[Site "Hastings ENG"]
[Date "2008.12.31"]
[Round "4"]
[White "Bernal Moro,L"]
[Black "Chkhaidze,Ni"]
[Result "1-0"]
[WhiteElo "2451"]
[BlackElo "2203"]

1.Nf3 Nf6 2.c4 c5 3.Nc3 e6 4.e4 d6 5.d4 cxd4 6.Nxd4 a6 7.Bd3 Bd7 8.O-O Nc6
9.Nxc6 Bxc6 10.Qe2 Be7 11.b4 O-O 12.Bb2 b6 13.Rad1 Qc7 14.f4 Nd7 15.Nd5 exd5
16.exd5 Ba4 17.Bxh7+ Kxh7 18.Qh5+ Kg8 19.Bxg7 Kxg7 20.Qg4+ Kh8 21.Rd3 Nf6
22.Rh3+ Nh7 23.Rxh7+ Kxh7 24.Rf3 Qd8 25.Rh3+ Bh4 26.Rxh4+ Qxh4 27.Qxh4+ Kg7
28.Qg5+ Kh7 29.f5 Rg8 30.Qe7 Kg7 31.Qxd6 Rge8 32.Qf4 Kf6 33.g4 Re2 34.Kf1 Rxa2
35.Qh6+ Ke7 36.Qxb6 Re8 37.f6+ Kd7 38.b5 Ree2 39.Qc6+ Kd8 40.Qa8+ Kc7 41.Qc6+ Kd8
42.Qd6+ Ke8 43.b6 Rf2+ 44.Kg1 Rg2+ 45.Kh1 Rxh2+ 46.Qxh2 Rxh2+ 47.Kxh2 Kd8
48.g5 Be8 49.c5 a5 50.b7 Kc7 51.c6 Bxc6 52.dxc6 a4 53.g6 a3 54.gxf7 a2 55.f8=Q a1=Q
56.b8=Q+  1-0

[Event "XX Open"]
[Site "Roquetas de Mar ESP"]
[Date "2009.01.03"]
[Round "1"]
[White "Aranaz Murillo,A"]
[Black "Suba,M"]
[Result "1/2-1/2"]
[WhiteElo "1995"]
[BlackElo "2542"]

1.Nf3 c5 2.c4 Nf6 3.Nc3 e6 4.g3 b6 5.Bg2 Bb7 6.O-O d6 7.d4 cxd4 8.Qxd4 a6
9.Be3 Nbd7 10.Nd2 Bxg2 11.Kxg2 Rc8 12.Nce4 Rc6 13.b4 d5 14.Nxf6+ Nxf6 15.b5 axb5
16.cxb5 Bc5 17.Qd3 Rc8 18.Bxc5 bxc5 19.a4 O-O 20.a5 c4 21.Qa3 Ra8 22.Rfb1 Nd7
23.Nf3 Qf6 24.Qd6 Rfd8 25.a6 c3 26.Rc1 g5 27.Qb4 Rdb8 28.Ra3 Nb6 29.Qxc3 Qxc3
30.Rcxc3 Nc4 31.Rab3 f6 32.Nd4 Kf7 33.g4 Rb6 34.Rb4 Ke7 35.Rh3 Kd6 36.Rxh7 Na3
37.Rb3 Nc4 38.e3 Ne5 39.h3 Rc8 40.Ra3 Ra8 41.Rc3 Nc4 42.Rf7 e5 43.Rxf6+ Kc5
44.Rxb6 Kxb6 45.Ne6 Re8 46.Nxg5 Kxb5 47.Nf3 Ra8 48.Rb3+ Kc6 49.Rb7 Rxa6 50.Rf7 Ra2
51.h4 Nxe3+ 52.Kg3 Nf1+ 53.Kg2 Ne3+ 54.Kg3 Nf1+ 55.Kg2 Kd6  1/2-1/2

[Event "Hilton Schachfestival"]
[Site "Basel SUI"]
[Date "2009.01.04"]
[Round "6"]
[White "Hera,I"]
[Black "Milosevic,Go"]
[Result "1-0"]
[WhiteElo "2527"]
[BlackElo "2402"]

1.Nf3 c5 2.c4 Nf6 3.Nc3 e6 4.g3 a6 5.Bg2 Be7 6.O-O O-O 7.b3 d6 8.Bb2 Nc6
9.e3 Rb8 10.d4 cxd4 11.exd4 d5 12.Ne5 Na5 13.Rc1 dxc4 14.bxc4 b6 15.d5 b5
16.cxb5 exd5 17.Nxd5 Be6 18.Nxe7+ Qxe7 19.Qa4 Rxb5 20.Ba3 Qe8 21.Nc6 Nxc6
22.Bxc6 Bd7 23.Bxd7 Qxd7 24.Bxf8 Qh3 25.Bd6  1-0

[Event "38th Rilton Cup 2008-9"]
[Site "Stockholm SWE"]
[Date "2009.01.04"]
[Round "8"]
[White "Lindberg,H"]
[Black "Mardell,Ji"]
[Result "1/2-1/2"]
[WhiteElo "2287"]
[BlackElo "2184"]

1.c4 Nf6 2.Nc3 c5 3.Nf3 d5 4.cxd5 Nxd5 5.g3 Nc6 6.Bg2 Nc7 7.O-O e5 8.d3 Be7
9.Nd2 Bd7 10.Nc4 f6 11.a4 O-O 12.f4 exf4 13.Bxf4 Ne6 14.Nd5 Nxf4 15.Nxf4 Rb8
16.e3 Ne5 17.Nxe5 fxe5 18.Nd5 Rxf1+ 19.Qxf1 Be6 20.Nc3 Qd7 21.Be4 Rf8 22.Qg2 Bh3
23.Qe2 Bg5 24.Re1 Kh8 25.Bg2 Bg4 26.Qc2 b6 27.Ne4 Bh6 28.Qc4 Qf5 29.Qc2 Bf3
30.Bxf3 Qxf3 31.Qe2 Qxe2 32.Rxe2 Rf3 33.Kg2 Rxe3 34.Rxe3 Bxe3 35.Nd6 Kg8
36.Nc8 Kf7 37.Kf3 Bd4 38.b3 c4 39.dxc4 a5 40.Ke4 Ke6 41.Na7 Kd6 42.Nb5+ Kc5
43.Kd3 Kb4 44.Kc2 h5 45.h3 Bf2 46.g4 hxg4 47.hxg4 e4 48.Nc3 e3 49.Ne2 Be1  1/2-1/2

[Event "38th Rilton Cup 2008-9"]
[Site "Stockholm SWE"]
[Date "2009.01.04"]
[Round "8"]
[White "Engqvist,T"]
[Black "Gamback,B"]
[Result "1-0"]
[WhiteElo "2363"]
[BlackElo "2181"]

1.Nf3 c5 2.c4 Nf6 3.Nc3 e6 4.d4 cxd4 5.Nxd4 b6 6.Ndb5 d6 7.Bf4 e5 8.Nd5 Be7
9.Nxf6+ gxf6 10.Qd5 Bd7 11.Qxa8 a6 12.Nd4 Qc7 13.Qd5 exd4 14.Qxd4 Nc6 15.Qc3 Ne5
16.e4 Rg8 17.f3 f5 18.exf5 Bxf5 19.Be3 Rg6 20.Kf2 Qc6 21.Be2 Bh4+ 22.g3 Bf6
23.Bd4 Bd3 24.Bxe5 Bxe5 25.Qxd3 Re6 26.Qd5 Qd7 27.Bd3 Rh6 28.Qa8+ Ke7 29.Rae1 Kf6
30.Qh8+ Kg5  1-0

[Event "Christmas Rapid"]
[Site "Mukachevo UKR"]
[Date "2009.01.05"]
[Round "7"]
[White "Tarlev,K"]
[Black "Pavlov,S2"]
[Result "1/2-1/2"]
[WhiteElo "2482"]
[BlackElo "2443"]

1.Nf3 c5 2.c4 Nf6 3.Nc3 e6 4.g3 b6 5.Bg2 Bb7 6.O-O Be7 7.b3 O-O 8.Bb2 d5
9.cxd5 Nxd5 10.Nxd5 Bxd5 11.Re1 Bf6 12.d4 cxd4 13.Bxd4 Nd7 14.Rc1 Rc8 15.e4 Bb7
16.b4 Rxc1 17.Qxc1 Qa8 18.Qc7 Rc8 19.Qxd7 Rd8 20.Qc7 Bxd4 21.Nxd4 Rxd4 22.a3 g6
23.f3 Ba6 24.Rc1 Rd2 25.h4 h5 26.Rc2 Rxc2 27.Qxc2 Qd8 28.Bf1 Bb7 29.Qd3  1/2-1/2

[Event "XX Open"]
[Site "Roquetas de Mar ESP"]
[Date "2009.01.05"]
[Round "7"]
[White "Pogorelov,R"]
[Black "Kovacevic,Sl"]
[Result "1/2-1/2"]
[WhiteElo "2451"]
[BlackElo "2389"]

1.Nf3 c5 2.c4 Nf6 3.Nc3 e6 4.g3 b6 5.Bg2 Bb7 6.O-O a6 7.d4 cxd4 8.Qxd4 d6
9.Bg5 Be7 10.Bxf6 Bxf6 11.Qf4 Be7 12.Rfd1 Bxf3 13.Bxf3 Ra7 14.Rd3 Nd7 15.Bc6 O-O
16.Bxd7 Rxd7 17.Rad1 Qc7 18.b3 Rfd8 19.g4 h6 20.Ne4 b5 21.c5 d5 22.Qxc7 Rxc7
23.b4 Ra8 24.Ng3 a5 25.a3 Bh4 26.e4 Bxg3 27.hxg3 axb4 28.axb4 Ra4 29.exd5 exd5
30.Rb3 Rd7 31.c6 Rc7 32.Rxd5 Rxc6 33.Rxb5 Rc4 34.Kg2 Rxg4 35.Kf3 Rc4 36.Rb8+ Kh7
37.Ke3 Ra2 38.b5 Rcc2 39.f4 Rab2 40.Rxb2 Rxb2 41.g4 g6 42.b6 Rb4 43.Kf3 Kg7
44.Kg3 Rb3+ 45.Kg2 Rb4  1/2-1/2

[Event "XX Open"]
[Site "Roquetas de Mar ESP"]
[Date "2009.01.06"]
[Round "9"]
[White "Granero Roca,A"]
[Black "Suba,M"]
[Result "0-1"]
[WhiteElo "2386"]
[BlackElo "2542"]

1.c4 Nf6 2.Nf3 c5 3.Nc3 e6 4.d3 Nc6 5.e4 Be7 6.Be2 O-O 7.e5 Ng4 8.Bf4 Qc7
9.d4 cxd4 10.Nxd4 Ngxe5 11.Bg3 d6 12.O-O a6 13.Rc1 Nxd4 14.Qxd4 b6 15.Na4 Rb8
16.Rfd1 f6 17.f4 Nf7 18.Kh1 f5 19.b3 Bd8 20.Bh5 g6 21.Bf3 Qe7 22.Qe3 Qf6
23.Rc2 Bd7 24.Nb2 Bc7 25.Nd3 Bc8 26.Re2 a5 27.Qf2 h6 28.h3 Kh7 29.Ne1 Nd8
30.Nc2 Bb7 31.Nd4 Bxf3 32.Qxf3 e5 33.Nb5 e4 34.Qe3 Ne6 35.Nxd6 Nc5 36.Qd4 Qxd4
37.Rxd4 Rbd8 38.Nb5 Rxd4 39.Nxd4 Rd8 40.Nc2 g5 41.Ne3 gxf4 42.Nd5 fxg3  0-1

[Event "Bela Perenyi Mem"]
[Site "Budapest HUN"]
[Date "2009.01.09"]
[Round "2"]
[White "Cox,Tr"]
[Black "Kovacs,Ga2"]
[Result "0-1"]
[WhiteElo "2131"]
[BlackElo "2504"]

1.Nf3 Nf6 2.c4 e6 3.Nc3 c5 4.g3 b6 5.Bg2 Bb7 6.O-O Be7 7.Re1 d6 8.e4 a6 9.d4 cxd4
10.Nxd4 Qc7 11.Be3 O-O 12.Rc1 Nbd7 13.f4 Rfe8 14.g4 Nc5 15.Bf2 g6 16.b4 Ncd7
17.Nd5 exd5 18.cxd5 Nc5 19.bxc5 bxc5 20.Nc6 Bxc6 21.dxc6 Rad8 22.g5 Nh5 23.Qg4 Qxc6
24.Rc3 Qa4 25.f5 d5 26.Rh3 dxe4 27.Bxe4 Bf8 28.fxg6 hxg6 29.Rxh5 Rxe4 30.Rxe4 Qd1+
31.Qxd1 Rxd1+ 32.Kg2 gxh5 33.Re8 Kg7 34.Bg3 Bd6 35.Be1 Kg6 36.Rd8 Kf5 37.g6 fxg6
38.Bg3 Ke6 39.Kf3 Rd3+ 40.Ke2 Rd4 41.Rg8 Kf7 42.Rc8 Bxg3 43.hxg3 Ra4 44.Rxc5 Rxa2+
45.Ke3 Ra3+ 46.Kf4 Ra4+ 47.Kf3 Ra1 48.Rc6 Rf1+ 49.Ke4 a5 50.Ra6 Rf5 51.Ke3 Kg7
52.Ke4 Kh6 53.Rb6 a4 54.Ra6 Rg5 55.Kf3 Rg4 56.Ra5 Kg7 57.Ra6 Kf7 58.Rb6 Ke7
59.Rc6 Kd7 60.Rc3 Kd6 61.Rc8 Kd5 62.Rc7 Kd4 63.Rc8 Kd3 64.Rc6 Kd2 65.Rc8 Rd4  0-1

[Event "6th ch-Mediterranean"]
[Site "Antalya TUR"]
[Date "2009.01.11"]
[Round "1"]
[White "Durmaz,A"]
[Black "Atakisi,U"]
[Result "0-1"]
[WhiteElo "1897"]
[BlackElo "2393"]

1.c4 Nf6 2.Nf3 c5 3.Nc3 d5 4.cxd5 Nxd5 5.g3 Nc6 6.Bg2 Nc7 7.O-O e5 8.d3 Be7
9.a3 O-O 10.Be3 Ne6 11.Rc1 Bd7 12.Ne4 b6 13.Ned2 f5 14.Nc4 Qc7 15.Bd2 e4
16.dxe4 fxe4 17.Ne1 b5 18.Ne3 Qe5 19.Bc3 Ned4 20.N3c2 Bg4 21.f3 exf3 22.exf3 Ne2+
23.Kh1 Nxc3 24.bxc3 Bf5 25.f4 Be4 26.Bxe4 Qxe4+ 27.Qf3 Qxf3+ 28.Nxf3 Rad8
29.Rcd1 Bf6 30.Nd2 Rfe8 31.Nb3 Rxd1 32.Rxd1 Re2 33.Ne1 Bxc3 34.Nf3 c4 35.Nc1 Re3
36.Ng5 Bf6 37.Nh3 Rxa3 38.Ne2 b4 39.Rc1 b3 40.Kg2 b2  0-1

[Event "TCh-HUN 2008-9"]
[Site "Budapest HUN"]
[Date "2009.01.11"]
[Round "5"]
[White "Hardicsay,P"]
[Black "Gyorkos,L"]
[Result "1/2-1/2"]
[WhiteElo "2284"]
[BlackElo "2388"]

1.c4 Nf6 2.Nc3 c5 3.Nf3 g6 4.d4 Bg7 5.e4 cxd4 6.Nxd4 Nc6 7.Be3 O-O 8.Be2 d6
9.O-O Nxd4 10.Bxd4 Be6 11.Rc1 Qa5 12.b3 Nd7 13.Bxg7 Kxg7 14.f4 Nf6 15.Kh1 Rac8
16.Qd3  1/2-1/2

[Event "Open A"]
[Site "Prague CZE"]
[Date "2009.01.15"]
[Round "8"]
[White "Simutowe,A"]
[Black "Houriez,C"]
[Result "1-0"]
[WhiteElo "2485"]
[BlackElo "2261"]

1.Nf3 Nf6 2.c4 e6 3.Nc3 c5 4.g3 b6 5.Bg2 Bb7 6.O-O Be7 7.Re1 d6 8.e4 Nbd7
9.d4 cxd4 10.Nxd4 Qc7 11.b3 Rc8 12.g4 Nc5 13.a4 O-O 14.g5 Nfd7 15.f4 Rfe8
16.Ra2 Qb8 17.h4 g6 18.f5 Bf8 19.Rf2 Qa8 20.Ree2 Ne5 21.Ba3 a6 22.fxe6 Nxe6
23.Nxe6 fxe6 24.Bxd6 Bg7 25.Qc2 Nc6 26.Rd2 Nd4 27.Qd1 Nc6 28.Ne2 Ne5 29.Ng3 Rc6
30.Kh2 b5 31.axb5 axb5 32.c5 Qa3 33.Bh3 Qb4 34.h5 Nf7 35.h6 Bc3 36.Rxf7 Bxd2
37.Qf3 Rxd6 38.Rg7+  1-0

[Event "Queenstown Classic"]
[Site "Queenstown NZL"]
[Date "2009.01.15"]
[Round "1"]
[White "Drummond,M"]
[Black "Kay,B"]
[Result "1-0"]
[WhiteElo "2236"]
[BlackElo "1862"]

1.c4 Nf6 2.Nc3 c5 3.Nf3 e6 4.g3 d5 5.cxd5 exd5 6.d4 cxd4 7.Nxd4 Nc6 8.Bg2 Be7
9.O-O O-O 10.b3 Re8 11.Bb2 Bc5 12.Nxc6 bxc6 13.Qc2 Be7 14.e4 dxe4 15.Nxe4 Bb7
16.Rfd1 Nd5 17.Bd4 Qa5 18.Bc5 Bxc5 19.Qxc5 Qxc5 20.Nxc5 Rab8 21.Nxb7 Rxb7
22.Rac1 Rbe7 23.Rxc6 Nb4 24.Rc4 Nxa2 25.Bf1 Rb7 26.Ra1 Nb4 27.Bg2 Rb6 28.Rxa7 Na6
29.Bd5 Rf8 30.Rxf7  1-0

[Event "ch-BLR"]
[Site "Minsk BLR"]
[Date "2009.01.16"]
[Round "4"]
[White "Tihonov,J"]
[Black "Podolchenko,E"]
[Result "1/2-1/2"]
[WhiteElo "2460"]
[BlackElo "2475"]

1.Nf3 Nf6 2.c4 c5 3.Nc3 e6 4.g3 b6 5.Bg2 Bb7 6.O-O a6 7.Re1 d6 8.e4 Qc7 9.d4 cxd4
10.Nxd4 Be7 11.Be3 Nbd7 12.f4 O-O 13.Rc1 Rac8 14.Bf2 Rfe8 15.e5 Bxg2 16.exf6 Ba8
17.fxe7 Qb7 18.Nf3 Qxf3 19.Qxf3 Bxf3 20.Re3 Bb7 21.Rd1 Rxe7 22.Rxd6 Rxc4
23.Red3 Nf6 24.Bxb6 Re8  1/2-1/2

[Event "TCh-AUT 2nd Bundesliga West 2008-9"]
[Site "Austria AUT"]
[Date "2009.01.17"]
[Round "7"]
[White "Kleissl,H"]
[Black "Durakovic,A"]
[Result "1/2-1/2"]
[WhiteElo "2281"]
[BlackElo "2176"]

1.Nf3 Nf6 2.c4 e6 3.Nc3 c5 4.g3 b6 5.Bg2 Bb7 6.O-O Be7 7.Re1 O-O 8.e4 d6
9.d4 cxd4 10.Nxd4 Qc8 11.Be3 Nc6 12.Nxc6 Bxc6 13.Rc1 Qb7 14.Bf4 Rfd8 15.b4 Qd7
16.Qe2 Rac8 17.Red1 Qe8 18.a3 h6 19.Re1 Ba8 20.Nb5 e5 21.Bd2 a6 22.Nc3 Bc6
23.Nd5 b5 24.Nxf6+ Bxf6 25.c5 dxc5 26.Rxc5 Qd7 27.Be3 Bb7 28.Rec1 Rxc5 29.bxc5 Bc6
30.Qh5 Qe6 31.h4 Qb3 32.Qf5 Rd1+ 33.Bf1 Bd7 34.Qh5 Rxc1 35.Bxc1 Qc2 36.Be3 Bc6
37.Bg2 Bxe4 38.Qg4 Bxg2 39.Kxg2 a5 40.Qc8+ Kh7 41.Qb7 Qc4 42.Qf3 b4  1/2-1/2

[Event "TCh-AUT 2nd Bundesliga West 2008-9"]
[Site "Austria AUT"]
[Date "2009.01.18"]
[Round "8"]
[White "Kleissl,H"]
[Black "Kranz,A"]
[Result "1-0"]
[WhiteElo "2281"]
[BlackElo "2168"]

1.Nf3 Nf6 2.c4 c5 3.Nc3 b6 4.g3 Bb7 5.Bg2 e6 6.O-O a6 7.Re1 d6 8.e4 Be7 9.d4 cxd4
10.Nxd4 Qc7 11.Be3 O-O 12.Rc1 Nbd7 13.f4 Rfe8 14.g4 Nc5 15.Bf2 d5 16.cxd5 Qxf4
17.b4 Ncd7 18.dxe6 fxe6 19.Nxe6 Qe5 20.Qb3 Bd6 21.Ng5+ Nd5 22.Nf3  1-0

[Event "ch-PriFO"]
[Site "Kazan RUS"]
[Date "2009.01.22"]
[Round "2"]
[White "Lushenkov,M"]
[Black "Kamov,I"]
[Result "1-0"]
[WhiteElo "2462"]
[BlackElo "2251"]

1.Nf3 Nf6 2.c4 c5 3.Nc3 g6 4.g3 Bg7 5.Bg2 O-O 6.O-O Nc6 7.d4 cxd4 8.Nxd4 Nxd4
9.Qxd4 d6 10.Qd3 Nd7 11.b3 Nc5 12.Qe3 a5 13.Ba3 Bxc3 14.Qxc3 Qc7 15.Rfd1 Bd7
16.Qe3 Be6 17.Rd4 Nd7 18.Rh4 Rfe8 19.Rd1 Nf8 20.Qf3 Rab8 21.Bc1 b5 22.Bh6 Qc5
23.Qc3 f6 24.Bd5 b4 25.Qc1 Bxd5 26.Rxd5 Qc7 27.Qe3 e6 28.Rd1 Nd7 29.Rhd4 Rb6
30.Qd2 Ne5 31.Be3 Nf7 32.Rf4 Ng5 33.Bxb6 Nh3+ 34.Kf1 Qxb6 35.Rxf6 Qc6 36.Rf3  1-0